The jean baudrillard (Record no. 252)

MARC details
000 -LEADER
fixed length control field 00466 a2200169 4500
001 - CONTROL NUMBER
control field 066060
003 - CONTROL NUMBER IDENTIFIER
control field OSt
005 - DATE AND TIME OF LATEST TRANSACTION
control field 20210909102238.0
008 - FIXED-LENGTH DATA ELEMENTS--GENERAL INFORMATION
fixed length control field
082 ## - DEWEY DECIMAL CLASSIFICATION NUMBER
Classification number 194
Item number J34J
245 1# - TITLE STATEMENT
Title The jean baudrillard
Statement of responsibility, etc edited by Steve Redhead
260 ## - PUBLICATION, DISTRIBUTION, ETC. (IMPRINT)
Place of publication, distribution, etc Edinburgh
Name of publisher, distributor, etc Edinburgh University Press
Date of publication, distribution, etc 2008
300 ## - PHYSICAL DESCRIPTION
Extent 226p.
690 ## - LOCAL SUBJECT ADDED ENTRY--TOPICAL TERM (OCLC, RLIN)
Topical term or geographic name as entry element Baudrillard, Jean, 1929-2007; Sociology--Philosophy
700 ## - ADDED ENTRY--PERSONAL NAME
Relator term Redhead, Steve, ed.
942 ## - ADDED ENTRY ELEMENTS (KOHA)
Source of classification or shelving scheme Dewey Decimal Classification
Koha item type Books
Holdings
Withdrawn status Lost status Damaged status Not for loan Home library Current library Date acquired Cost, normal purchase price Total Checkouts Full call number Barcode Date last seen Price effective from Koha item type
        Central University Of Rajasthan Central University Of Rajasthan 07/03/2012 1242.00   194 J34J 346 21/11/2024 02/09/2020 Books